000 00211 a2200097 4500
001 37327
100 _aConrad Joseph
245 _aLord Jim; A Tale
260 _aDelhi
_bSurjeet Pubs
_c
090 _c23798
_d23798
942 _aNUST-CAE
_cM
_c15333
999 _c272400
_d272400